Descubriendo a Forrester
Conocido en su barrio por su condición de solitario, Forrester es un hombre cuyo misterio y excentricidad son casi míticos. Cuando Jamal, un destacado estudiante y atleta negro logra colarse en su apartamento con una cartera repleta de trabajos literarios, de manera inesperada e insólita, se estable...
Guardado en:
| Autor Principal: | |
|---|---|
| Autor Corporativo: | |
| Otros Autores: | , , , |
| Formato: | |
| Idioma: | Undetermined |
| Publicado: |
Estados Unidos :
Sony Pictures,
2000.
|
| Materias: | |
| Etiquetas: |
Agregar Etiqueta
Sin Etiquetas, Sea el primero en etiquetar este registro!
|
| LEADER | 01256ngm a22002535a 4500 | ||
|---|---|---|---|
| 001 | CEM.cems020525 | ||
| 008 | 231005s2000####mx#---############vlund#d | ||
| 005 | 20231005203403.0 | ||
| 245 | 1 | 0 | |a Descubriendo a Forrester |h [videograbación] / |c Gus van Sant. |
| 260 | |a Estados Unidos : |b Sony Pictures, |c 2000. | ||
| 300 | |a 130'. | ||
| 520 | |a Conocido en su barrio por su condición de solitario, Forrester es un hombre cuyo misterio y excentricidad son casi míticos. Cuando Jamal, un destacado estudiante y atleta negro logra colarse en su apartamento con una cartera repleta de trabajos literarios, de manera inesperada e insólita, se establece entre ellos una relación altamente provechosa. | ||
| 590 | |a Identificación anterior: 215 | ||
| 538 | |a Soporte: DVD -- Formato: AVI Peso: 699 mb -- Resolución: 600 x 240 -- 25 fps | ||
| 500 | |a Título original: Finding Forrester Idioma: Doblada al español. | ||
| 100 | 1 | |a van Sant, Gus. | |
| 700 | 1 | |a Rich, Mike; Guion. | |
| 700 | 1 | |a Connery, Sean; Reparto. | |
| 700 | 1 | |a Brown, Rob; Reparto. | |
| 700 | 1 | |a Abraham, F. Murray; Reparto. | |
| 710 | 2 | |a Columbia Pictures. | |
| 653 | |a LARGOMETRAJE | ||
| 653 | |a FICCIÓN | ||
| 859 | |a CEMS |b BIB. CEMS - Depto. Recursos Didacticos |h 778.5 |i VAN |k DRD |p 3159.23 |t Ej.1 | ||
